000 00598nam a2200229Ia 4500
003 OSt
005 20220924131837.0
006 a|||||r|||| 00| 0
007 ta
008 220923b |||||||| |||| 00| 0 tel d
024 _a332531
037 _cTextual
040 _aARTS
_cARTS
_btel
041 _2tel
_atel
082 _aO35,1I12:g, M7
100 _aGangappa S.
_9203057
245 0 _aVemana bhaavana
260 _aVijayawada
_bJayanti India
_c1987
650 _aTELUGU POETRY
942 _hO35,1I12:g, M7
_cTEXL
_2CC
999 _c428401
_d428401